European office clock (Record no. 107566)

MARC details
000 -LEADER
fixed length control field 01141cad a22002055a 4500
001 - CONTROL NUMBER
control field L140892
008 - FIXED-LENGTH DATA ELEMENTS--GENERAL INFORMATION
fixed length control field 070130s2007 xxkad f s 000 0 eng u
035 ## - SYSTEM CONTROL NUMBER
System control number (Sirsi) u140892
041 0# - LANGUAGE CODE
Language code of text/sound track or separate title eng
110 2# - MAIN ENTRY--CORPORATE NAME
Corporate name or jurisdiction name as entry element Jones Lang LaSalle
9 (RLIN) 3755
245 00 - TITLE STATEMENT
Title European office clock
Remainder of title Q1 2007
Medium [electronic resource]
260 ## - PUBLICATION, DISTRIBUTION, ETC.
Place of publication, distribution, etc. [s.l.]
Name of publisher, distributor, etc. Jones Lang LaSalle
Date of publication, distribution, etc. 2006
490 #0 - SERIES STATEMENT
Series statement European Office Clock
Volume/sequential designation Q1 2007
520 ## - SUMMARY, ETC.
Summary, etc. Reports that European office rental index increased by 2.5% over the quarter and prime rents across Europe increased by 8.9% over the year. Employment growth boosted demand for office space in Europe in the first quarter of 2007. Total European take-up reached 3.2 million square metres in the first quarter: up 6% compared to the same time last year. Paris registered the highest activity, with a take-up of 645,000m square metres. Expects European Union GDP to rise to 2.6% for 2007.
590 ## - LOCAL NOTE (RLIN)
Local note KA
651 #4 - SUBJECT ADDED ENTRY--GEOGRAPHIC NAME
Geographic name Europe
690 ## - LOCAL SUBJECT ADDED ENTRY--TOPICAL TERM (OCLC, RLIN)
Topical term or geographic name as entry element PROPERTY-COMMERCIAL PROPERTY-OFFICE PROPERTY
856 40 - ELECTRONIC LOCATION AND ACCESS
Uniform Resource Identifier <a href="https://www.joneslanglasalle.com">https://www.joneslanglasalle.com</a>
Public note View the item free of charge after registration at www.joneslanglasalle.com...
942 ## - ADDED ENTRY ELEMENTS (KOHA)
Suppress in OPAC 0
Holdings
Withdrawn status Lost status Source of classification or shelving scheme Damaged status Not for loan Home library Current library Shelving location Date acquired Total Checkouts Full call number Barcode Date last seen Copy number Price effective from Koha item type
    Dewey Decimal Classification     Virtual Virtual Online 16/10/2007   ONLINE PUBLICATION 140892-1001 06/08/2019 1 06/08/2019 Book